000 01064cam a22002651i 4500
003 SA-RiAUC
005 20250625142944.0
008 250624s1988 su g 00000 ara c
040 _aSA-AhKFU
_bara
_cSA-RiAUC
_erda
082 0 4 _a216.3
_qSA-RiAUC
090 _a216.3
_bا ح م
100 1 _aأحمد، صلاح الدين مقبول،
_d1375 هجري-
_eمؤلف.
245 1 0 _aزوابع في وجه السنة قديما وحديثا /
_cتأليف صلاح الدين مقبول أحمد.
250 _aطبعة مزيدة ومنقحة.
264 1 _aالرياض :
_bدار عالم الكتب للطباعة والنشر والتوزيع،
_c1988
300 _a502 صفحة ؛
_c24 سم
336 _aنص
_btxt
_2rdacontent
_3كتاب
337 _aبدون وسيط
_bn
_2rdamedia
338 _aمجلد
_bnc
_2rdacarrier
650 7 _aالسنة
_xدفع مطاعن
_2aucsh
650 7 _aالحديث
_xدفع مطاعن
_2aucsh
650 7 _aالإسلام
_xدفع مطاعن
_2aucsh
942 _2ddc
_cBOOK
_n0
949 _aSA-JeALM
_d250624
_uosman123
_n1
999 _c9170
_d9170